000 01854nam2a22002651 4500
001 rc\2194990
005 20110829164454.6
035 _a(NLR Aleph) 006485487
090 _a6077814
_c6077814
100 _a20110829d1978 |||y0rusy50 ca
101 0 _arus
102 _aRU
105 _ay z |||||
200 1 _a"История КПСС", "Марксистско-ленинская философия", "Политическая экономия", "Педагогика и организация политико-воспитательной работы", "Научный коммунизм"
_f[Преп. А.В. Буассонад, к. ист. н. В.П. Бурназян, доц. М.Г. Власов и др.]
210 _d1978
215 _a104 с.
461 0 _1001rc\2194989
_12001#$aМетодические указания по изучению Конституции СССР и материалов, посвященных 60-й годовщине Великой Октябрьской социалистической революции$fАкад. МВД СССР, Моск. фил. юрид. заоч. обучения$vВып. 1
_96077806
_cМосква
_d1978
_fАкад. МВД СССР, Моск. фил. юрид. заоч. обучения
_nАкад. МВД СССР
_tМетодические указания по изучению Конституции СССР и материалов, посвященных 60-й годовщине Великой Октябрьской социалистической революции
_vВып. 1
702 1 _aБурназян
_bВ. П.
_4220
702 1 _aВласов
_bМ. Г.
_4220
702 1 _aБуассонад
_bА. В.
_gАлександр Владимирович
_4220
801 0 _aRU
_bNLR
_gpsbo
801 1 _aRU
_bELAR
_2rusmarc
852 _aNLR
_j79-5/2228
942 _cBOOK
980 _aNB